[Event "Toronto Ontario op"]
[Site "Toronto"]
[Date "2022.05.23"]
[Round "5"]
[White "Gao, Raymond"]
[Black "Burtasova, Anna"]
[Result "1-0"]
[WhiteElo "1844"]
[BlackElo "2261"]
[PlyCount "61"]
[EventDate "2022.05.21"]
[EventType "swiss"]
[EventRounds "6"]
[EventCountry "CAN"]
[SourceTitle "CBM 209 Extra"]
[Source "ChessBase"]
[SourceDate "2022.09.30"]
[SourceVersion "1"]
[SourceVersionDate "2022.09.30"]
[SourceQuality "1"]

1. d4 c5 2. d5 b5 3. e4 a6 4. a4 bxa4 5. Na3 d6 6. Nc4 Nd7 7. Bd2 Bb7 8. Na5 Qc7 9. Rxa4 Nb6 10. Ra3 Nf6 11. Qa1 Nxe4 12. Nxb7 Qxb7 13. Bxa6 Rxa6 14. Rxa6 Nxd2 15. Kxd2 g6 16. b3 Bh6+ 17. Ke2 0-0 18. c4 e6 19. Ra7 Qc8 20. Qa6 Qd8 21. dxe6 Re8 22. Kf1 Rxe6 23. g3 d5 24. Qb7 Qf6 25. Kg2 dxc4 26. bxc4 Nxc4 27. Ra8+ Bf8 28. Nf3 Re2 29. Rb1 Ne3+ 30. Kg1 Qf5 31. Qb8 1-0

[Event "Toronto Ontario op"]
[Site "Toronto"]
[Date "2022.05.21"]
[Round "2"]
[White "Rodrigue Lemieux, Shawn"]
[Black "Burtasova, Anna"]
[Result "1-0"]
[WhiteElo "2393"]
[BlackElo "2261"]
[PlyCount "133"]
[EventDate "2022.05.21"]
[EventType "swiss"]
[EventRounds "6"]
[EventCountry "CAN"]
[SourceTitle "CBM 209 Extra"]
[Source "ChessBase"]
[SourceDate "2022.09.30"]
[SourceVersion "1"]
[SourceVersionDate "2022.09.30"]
[SourceQuality "1"]

1. c4 c5 2. g3 g6 3. Bg2 Bg7 4. Nc3 Nc6 5. Nf3 e5 6. 0-0 Nge7 7. a3 0-0 8. Rb1 a5 9. Ne1 d6 10. Nc2 Be6 11. Ne3 f5 12. d3 Rb8 13. Ned5 h6 14. b4 axb4 15. axb4 cxb4 16. Nxe7+ Qxe7 17. Nd5 Qd7 18. Nxb4 Nxb4 19. Rxb4 b5 20. cxb5 Rxb5 21. Qa4 Rfb8 22. Rxb5 Qxb5 23. Qa7 d5 24. Be3 Rb7 25. Qa3 Kh7 26. h4 Rf7 27. Qd6 Qd7 28. Qb8 d4 29. Bd2 Bd5 30. Bxd5 Qxd5 31. Rb1 f4 32. gxf4 Qe6 33. f3 exf4 34. Kf2 Be5 35. Qb3 Qe7 36. Rh1 h5 37. Qd5 Bf6 38. Kf1 Bg7 39. Qe4 Qd6 40. Rg1 Bh6 41. Bb4 Qf6 42. Bc5 Rd7 43. Qe8 Rc7 44. Bxd4 Rc1+ 45. Kg2 Rxg1+ 46. Bxg1 Bg7 47. Bf2 Kh6 48. d4 g5 49. d5 gxh4 50. Qc6 Kg5 51. d6 h3+ 52. Kxh3 Qe6+ 53. Kg2 Be5 54. Bc5 Bf6 55. Qb5 Kh6 56. d7 Bd8 57. Kh2 Qf6 58. Bf2 Kg6 59. Qd3+ Kh6 60. Qe4 h4 61. Kh3 Qd6 62. Qe8 Qf6 63. Bd4 Qf5+ 64. Kh2 Qg5 65. Qh8+ Kg6 66. Qg7+ Kf5 67. Qf7+ 1-0

[Event "Online Olym Div Top-D"]
[Site "Chess.com INT"]
[Date "2021.09.10"]
[Round "7.3"]
[White "Burtasova, Anna"]
[Black "Chumpitaz Carbajal, Ann"]
[Result "0-1"]
[WhiteElo "2261"]
[BlackElo "2244"]
[PlyCount "124"]
[EventDate "2021.09.08"]
[EventType "team (rapid)"]
[EventRounds "9"]
[EventCountry "USA"]
[SourceTitle "CBM 204 Extra"]
[Source "ChessBase"]
[SourceDate "2021.11.30"]
[SourceVersion "1"]
[SourceVersionDate "2021.11.30"]
[SourceQuality "1"]
[WhiteTeam "Canada"]
[BlackTeam "Peru"]
[WhiteTeamCountry "CAN"]
[BlackTeamCountry "PER"]

1. e4 c5 2. Nf3 e6 3. c3 d5 4. e5 Nc6 5. d4 Qb6 6. a3 c4 7. Nbd2 Na5 8. Rb1 Bd7 9. g3 Be7 10. h4 Nb3 11. Nxb3 Ba4 12. Nfd2 f5 13. exf6 Nxf6 14. Bh3 cxb3 15. 0-0 0-0 16. Re1 e5 17. Rxe5 Bd6 18. Re3 Kh8 19. Bg2 Qc7 20. Nf3 Ng4 21. Ng5 Nxf2 22. Qh5 g6 23. Qe2 Bxg3 24. Rxg3 Qxg3 25. Be3 Ne4 26. Nxe4 dxe4 27. d5 Kg8 28. d6 Be8 29. Qc4+ Bf7 30. Qe2 Qxh4 31. Rd1 a6 32. d7 Qe7 33. Qg4 b5 34. Bg5 Qc5+ 35. Kh1 Rad8 36. Bxd8 Rxd8 37. Rd4 e3 38. Qe4 Qh5+ 39. Kg1 Qf5 40. Qxf5 gxf5 41. Kf1 Be6 42. Ke2 Rxd7 43. Rxd7 Bxd7 44. Kxe3 Kg7 45. Bd5 Kf6 46. Bxb3 h5 47. c4 Ke5 48. cxb5 axb5 49. Bd1 h4 50. Bf3 f4+ 51. Kf2 Kd4 52. b3 Kc3 53. Bd5 Kd4 54. Bg2 h3 55. Bf3 Kc3 56. Bd5 Kd4 57. Bf3 Kc5 58. a4 bxa4 59. bxa4 Bc6 60. a5 Bxf3 61. Kxf3 Kb5 62. Kxf4 h2 0-1

[Event "Online Olym Div Top-D"]
[Site "Chess.com INT"]
[Date "2021.09.10"]
[Round "9.2"]
[White "Burtasova, Anna"]
[Black "Zawadzka, Jolanta"]
[Result "1-0"]
[WhiteElo "2261"]
[BlackElo "2407"]
[PlyCount "57"]
[EventDate "2021.09.08"]
[EventType "team (rapid)"]
[EventRounds "9"]
[EventCountry "USA"]
[SourceTitle "CBM 204 Extra"]
[Source "ChessBase"]
[SourceDate "2021.11.30"]
[SourceVersion "1"]
[SourceVersionDate "2021.11.30"]
[SourceQuality "1"]
[WhiteTeam "Canada"]
[BlackTeam "Poland"]
[WhiteTeamCountry "CAN"]
[BlackTeamCountry "POL"]

1. e4 e5 2. Bc4 Nc6 3. Nf3 Nf6 4. d3 h6 5. Bb3 d6 6. c3 g5 7. Nbd2 g4 8. Ng1 d5 9. Ne2 Be6 10. Ng3 Qd7 11. Ndf1 0-0-0 12. Qe2 h5 13. Bg5 Be7 14. Ne3 h4 15. Ngf5 dxe4 16. Nxe7+ Qxe7 17. dxe4 Rdg8 18. Nd5 Bxd5 19. exd5 Rxg5 20. dxc6 bxc6 21. Qa6+ Kb8 22. Qxc6 e4 23. 0-0-0 Rc5 24. Qa6 Qe5 25. Kb1 Ra5 26. Qc4 Rf8 27. Qb4+ Rb5 28. Qxf8+ Kb7 29. Qxf7 1-0

[Event "Online Olym Div Top-D"]
[Site "Chess.com INT"]
[Date "2021.09.08"]
[Round "1.5"]
[White "Zatonskih, Anna"]
[Black "Burtasova, Anna"]
[Result "1/2-1/2"]
[WhiteElo "2423"]
[BlackElo "2261"]
[PlyCount "94"]
[EventDate "2021.09.08"]
[EventType "team (rapid)"]
[EventRounds "9"]
[EventCountry "USA"]
[SourceTitle "CBM 204 Extra"]
[Source "ChessBase"]
[SourceDate "2021.11.30"]
[SourceVersion "1"]
[SourceVersionDate "2021.11.30"]
[SourceQuality "1"]
[WhiteTeam "United States"]
[BlackTeam "Canada"]
[WhiteTeamCountry "USA"]
[BlackTeamCountry "CAN"]

1. d4 c5 2. d5 b5 3. e4 a6 4. c4 bxc4 5. Bxc4 d6 6. f4 g6 7. Nf3 Bg7 8. 0-0 Nf6 9. e5 Ng4 10. Qe2 0-0 11. Nc3 Nh6 12. Be3 Nd7 13. h3 Rb8 14. Bf2 Qb6 15. b3 Nf5 16. g4 Nd4 17. Nxd4 cxd4 18. e6 Nc5 19. Ne4 fxe6 20. dxe6 Rxf4 21. Nxc5 Qxc5 22. Rad1 Bb7 23. Bxa6 Bf3 24. Qd2 Rbf8 25. Rc1 Qg5 26. Bg3 Rxg4 27. Qxg5 Rxg5 28. Kh2 Be5 29. Bxe5 dxe5 30. h4 Rg2+ 31. Kh3 Rxa2 32. Bc4 Bg2+ 33. Kg3 Bxf1 34. Bxf1 Raf2 35. Bg2 d3 36. Rc7 d2 37. Rd7 Re2 38. b4 Rff2 39. Bf3 Rxf3+ 40. Kxf3 Re1 41. Rxd2 Rb1 42. Rd7 Kg7 43. Rxe7+ Kf6 44. Rxh7 Kxe6 45. Rb7 Kf5 46. Rf7+ Ke6 47. Rb7 Kf5 1/2-1/2

[Event "Online Olym Div Top-D"]
[Site "Chess.com INT"]
[Date "2020.08.23"]
[Round "7.3"]
[White "Burtasova, Anna"]
[Black "Brunello, Marina"]
[Result "0-1"]
[WhiteElo "2261"]
[BlackElo "2368"]
[PlyCount "72"]
[EventDate "2020.08.21"]
[EventType "team-tourn (rapid)"]
[EventRounds "9"]
[EventCountry "USA"]
[SourceTitle "CBM 198"]
[Source "ChessBase"]
[SourceDate "2020.10.31"]
[SourceVersion "1"]
[SourceVersionDate "2020.10.31"]
[SourceQuality "1"]
[WhiteTeam "Canada"]
[BlackTeam "Italy"]
[WhiteTeamCountry "CAN"]
[BlackTeamCountry "ITA"]

1. e4 c5 2. c3 Nf6 3. e5 Nd5 4. Bc4 e6 5. Nf3 d6 6. d4 cxd4 7. cxd4 Be7 8. 0-0 0-0 9. Qe2 b6 10. Nc3 Bb7 11. Nxd5 exd5 12. Bd3 dxe5 13. Nxe5 Bf6 14. f4 Nc6 15. Nxc6 Bxc6 16. Bxh7+ Kxh7 17. Qc2+ g6 18. Qxc6 Bxd4+ 19. Kh1 Kg7 20. f5 Rc8 21. Qa4 Rc4 22. Qxa7 Rh8 23. Bf4 g5 24. Bg3 Rc2 25. Rae1 Bf6 26. b4 d4 27. Re6 Qd5 28. Rg1 Ra8 29. Qxb6 fxe6 30. fxe6 Raxa2 31. e7 Bxe7 32. Qb8 Bf6 33. Bd6 Ra8 34. Bf8+ Kg6 35. Qg3 Rxf8 36. Qd3+ Qf5 0-1

[Event "Online Olym Div Top-D"]
[Site "Chess.com INT"]
[Date "2020.08.23"]
[Round "9.3"]
[White "Burtasova, Anna"]
[Black "Zatonskih, Anna"]
[Result "0-1"]
[WhiteElo "2261"]
[BlackElo "2427"]
[PlyCount "110"]
[EventDate "2020.08.21"]
[EventType "team-tourn (rapid)"]
[EventRounds "9"]
[EventCountry "USA"]
[SourceTitle "CBM 198"]
[Source "ChessBase"]
[SourceDate "2020.10.31"]
[SourceVersion "1"]
[SourceVersionDate "2020.10.31"]
[SourceQuality "1"]
[WhiteTeam "Canada"]
[BlackTeam "United States"]
[WhiteTeamCountry "CAN"]
[BlackTeamCountry "USA"]

1. e4 e6 2. d4 d5 3. e5 c5 4. c3 Nc6 5. Nf3 Bd7 6. a3 c4 7. Nbd2 Na5 8. Rb1 Bc6 9. b4 cxb3 10. Nxb3 Ne7 11. Bd3 Nxb3 12. Qxb3 Nc8 13. 0-0 Nb6 14. Qc2 h6 15. Qe2 Be7 16. Nd2 Qd7 17. f4 g6 18. Nb3 Nc4 19. Nc5 Bxc5 20. dxc5 Qc7 21. Rf2 0-0-0 22. Be3 Nxe3 23. Qxe3 Qa5 24. Qd4 Rd7 25. Qb4 Qa4 26. Rfb2 Rc7 27. Qd4 Rd8 28. Rb3 Qa5 29. h3 Rdd7 30. Kh2 Qa4 31. Bb5 Bxb5 32. Rxb5 Qa6 33. Qb4 Kb8 34. a4 Qc6 35. a5 a6 36. Rb6 Qxc5 37. Qxc5 Rxc5 38. Rxa6 Rxc3 39. Rab6 Rcc7 40. a6 Ka7 41. axb7 Rxb7 42. Rxb7+ Rxb7 43. Rc1 Kb6 44. Rc8 h5 45. g4 hxg4 46. hxg4 Rc7 47. Rf8 Kc5 48. Kg3 Kd4 49. Kh4 Ke3 50. Kg5 d4 51. Rd8 d3 52. f5 gxf5 53. gxf5 exf5 54. Kxf5 d2 55. Kf6 Ke2 0-1

[Event "Speed Chess (Women) Q1"]
[Site "Chess.com INT"]
[Date "2020.06.18"]
[Round "3"]
[White "Burtasova, Anna"]
[Black "Nikulina, Alena"]
[Result "1-0"]
[WhiteElo "2261"]
[BlackElo "1887"]
[PlyCount "77"]
[EventDate "2020.06.18"]
[EventType "swiss (blitz)"]
[EventRounds "9"]
[EventCountry "USA"]
[SourceTitle "CBM 196 Extra"]
[Source "ChessBase"]
[SourceDate "2020.07.31"]
[SourceVersion "1"]
[SourceVersionDate "2020.07.31"]
[SourceQuality "1"]

1. e4 c5 2. c3 Nf6 3. e5 Nd5 4. d4 cxd4 5. cxd4 d6 6. Nf3 Nc6 7. Bc4 e6 8. 0-0 Be7 9. Qe2 0-0 10. Nc3 Nxc3 11. bxc3 d5 12. Bd3 f5 13. exf6 Bxf6 14. Re1 Bd7 15. Ba3 Re8 16. Rab1 b6 17. Ne5 Nxe5 18. dxe5 Be7 19. Bc1 Bg5 20. f4 Bh6 21. Qh5 Rf8 22. Rf1 Be8 23. Qg4 Qe7 24. Be3 Rc8 25. Rbc1 g6 26. c4 Qa3 27. Rfd1 dxc4 28. Qxe6+ Bf7 29. Qh3 Bg7 30. e6 Be8 31. e7 Qxe7 32. Bxc4+ Kh8 33. Qxc8 Qxe3+ 34. Kh1 Bf7 35. Bxf7 Rxc8 36. Rxc8+ Bf8 37. Rxf8+ Kg7 38. Re8 Kxf7 39. Rxe3 1-0

[Event "Speed Chess (Women) Q1"]
[Site "Chess.com INT"]
[Date "2020.06.18"]
[Round "9"]
[White "Dubnikova, Anastasia"]
[Black "Burtasova, Anna"]
[Result "0-1"]
[WhiteElo "2148"]
[BlackElo "2261"]
[PlyCount "86"]
[EventDate "2020.06.18"]
[EventType "swiss (blitz)"]
[EventRounds "9"]
[EventCountry "USA"]
[SourceTitle "CBM 196 Extra"]
[Source "ChessBase"]
[SourceDate "2020.07.31"]
[SourceVersion "1"]
[SourceVersionDate "2020.07.31"]
[SourceQuality "1"]

1. Nf3 d5 2. c4 c6 3. d4 a6 4. Qc2 b5 5. cxd5 cxd5 6. Bf4 e6 7. e3 Nf6 8. Bc7 Qe7 9. Nbd2 Bb7 10. Ne5 Nc6 11. Nxc6 Qxc7 12. Nb4 Qxc2 13. Nxc2 Rc8 14. Bd3 Bd6 15. Ke2 0-0 16. Rac1 g6 17. a3 e5 18. dxe5 Bxe5 19. Nd4 Rfe8 20. N2f3 Bd6 21. h4 h5 22. Nb3 Ne4 23. Nfd4 Rxc1 24. Rxc1 Be5 25. Bxe4 dxe4 26. Nc5 Bc8 27. b4 Bg4+ 28. Kd2 Bf6 29. Nxa6 Bxh4 30. Nc7 Rd8 31. Ncxb5 Bxf2 32. a4 f5 33. Rf1 Bg3 34. a5 Be5 35. a6 f4 36. a7 f3 37. gxf3 exf3 38. Ra1 Ra8 39. Nc6 Bxa1 40. Nc7 Rxa7 41. Nxa7 f2 42. Na6 f1Q 43. b5 Qd1# 0-1

[Event "Titled Tuesday intern op 7th April"]
[Site "Chess.com INT"]
[Date "2020.04.07"]
[Round "7"]
[White "Burtasova, Anna"]
[Black "Hansen, Eric"]
[Result "0-1"]
[WhiteElo "2261"]
[BlackElo "2606"]
[PlyCount "64"]
[EventDate "2020.04.07"]
[EventType "swiss (blitz)"]
[EventRounds "10"]
[EventCountry "USA"]
[SourceTitle "EXT 2021"]
[Source "ChessBase"]
[SourceDate "2020.10.23"]
[SourceVersion "1"]
[SourceVersionDate "2020.10.23"]
[SourceQuality "1"]

1. e4 c5 2. c3 Nf6 3. e5 Nd5 4. Bc4 Nb6 5. Bb3 c4 6. Bc2 Nc6 7. Nf3 d5 8. exd6 Qxd6 9. 0-0 Bg4 10. b3 cxb3 11. Bxb3 Qf6 12. d4 e6 13. Nbd2 Be7 14. Ne4 Qg6 15. Bc2 Bf5 16. Re1 0-0 17. Bg5 Bxg5 18. Nfxg5 Nd5 19. Qf3 h6 20. Nh3 Rfd8 21. Nf4 Nxf4 22. Qxf4 Rac8 23. Rac1 Ne7 24. Nd6 Bxc2 25. Nxc8 Rxc8 26. Qd6 Nd5 27. c4 Rxc4 28. Qb8+ Kh7 29. Qxb7 Be4 30. g3 Rxc1 31. Rxc1 Nf4 32. Qb3 Ne2+ 0-1

[Event "Titled Tuesday intern op 7th April"]
[Site "Chess.com INT"]
[Date "2020.04.07"]
[Round "1"]
[White "Burtasova, Anna"]
[Black "Voinikonis, Nikita"]
[Result "1-0"]
[WhiteElo "2261"]
[BlackElo "2208"]
[PlyCount "115"]
[EventDate "2020.04.07"]
[EventType "swiss (blitz)"]
[EventRounds "10"]
[EventCountry "USA"]
[SourceTitle "EXT 2021"]
[Source "ChessBase"]
[SourceDate "2020.10.23"]
[SourceVersion "1"]
[SourceVersionDate "2020.10.23"]
[SourceQuality "1"]

1. e4 e6 2. d4 d5 3. e5 c5 4. c3 Nc6 5. Nf3 Bd7 6. a3 c4 7. Nbd2 Na5 8. Rb1 Qb6 9. g3 0-0-0 10. b3 Nxb3 11. Nxb3 cxb3 12. Qxb3 Qxb3 13. Rxb3 Ne7 14. Bd3 Nc6 15. Bg5 Re8 16. Ke2 h6 17. Bd2 Na5 18. Rb2 b6 19. Ra1 Kb7 20. a4 Be7 21. c4 dxc4 22. Bxa5 cxd3+ 23. Kxd3 Rc8 24. Bd2 Bc6 25. Ke3 Rhd8 26. Bb4 Rc7 27. Bxe7 Rxe7 28. Nd2 Red7 29. Nb3 Bd5 30. Nc5+ Kc6 31. Nxd7 Rxd7 32. a5 b5 33. Rc1+ Bc4 34. Rb4 f6 35. f4 fxe5 36. fxe5 Rf7 37. Rcxc4+ bxc4 38. Rxc4+ Kd7 39. Rb4 Kc7 40. a6 Kc6 41. Rb8 g5 42. Ke4 Rc7 43. Re8 Kd7 44. Rh8 Rc1 45. Rh7+ Kc6 46. Rxa7 Re1+ 47. Kf3 h5 48. h4 gxh4 49. gxh4 Rh1 50. Re7 Kd5 51. Rd7+ Kc4 52. a7 Ra1 53. Ke4 Re1+ 54. Kf3 Ra1 55. Ke4 Re1+ 56. Kf4 Rg1 57. a8Q Rg4+ 58. Kf3 1-0

[Event "Titled Tuesday intern op 7th April"]
[Site "Chess.com INT"]
[Date "2020.04.07"]
[Round "8"]
[White "Cukrowski, Filip"]
[Black "Burtasova, Anna"]
[Result "0-1"]
[WhiteElo "2419"]
[BlackElo "2261"]
[PlyCount "82"]
[EventDate "2020.04.07"]
[EventType "swiss (blitz)"]
[EventRounds "10"]
[EventCountry "USA"]
[SourceTitle "EXT 2021"]
[Source "ChessBase"]
[SourceDate "2020.10.23"]
[SourceVersion "1"]
[SourceVersionDate "2020.10.23"]
[SourceQuality "1"]

1. e4 c5 2. Nf3 e6 3. d4 cxd4 4. Nxd4 a6 5. Bd3 Nf6 6. Qe2 d6 7. f4 Be7 8. 0-0 Nbd7 9. e5 Nd5 10. c4 Qb6 11. cxd5 Qxd4+ 12. Be3 Qxd5 13. Nc3 Qa5 14. exd6 Bxd6 15. f5 Ne5 16. Bf4 Nxd3 17. Qxd3 Bxf4 18. Rxf4 0-0 19. f6 g6 20. Rd1 e5 21. Rh4 Qb6+ 22. Kh1 Qxf6 23. Qg3 Be6 24. Ne4 Qg7 25. Rf1 f6 26. h3 Bd5 27. Nd6 Rad8 28. Ne4 Bxe4 29. Rxe4 Qd7 30. Kh2 Qd3 31. Qe1 Rd4 32. Re3 Qb5 33. Qf2 Qc6 34. Rxe5 Qd6 35. Qg3 Qxe5 36. Qxe5 fxe5 37. Re1 Rf5 38. Re3 Rd2 39. Rb3 Rff2 40. Rxb7 Rxg2+ 41. Kh1 Rxb2 0-1

[Event "Titled Tuesday intern op 7th April"]
[Site "Chess.com INT"]
[Date "2020.04.07"]
[Round "9"]
[White "Rychagov, Andrey"]
[Black "Burtasova, Anna"]
[Result "1-0"]
[WhiteElo "2545"]
[BlackElo "2261"]
[PlyCount "59"]
[EventDate "2020.04.07"]
[EventType "swiss (blitz)"]
[EventRounds "10"]
[EventCountry "USA"]
[SourceTitle "EXT 2021"]
[Source "ChessBase"]
[SourceDate "2020.10.23"]
[SourceVersion "1"]
[SourceVersionDate "2020.10.23"]
[SourceQuality "1"]

1. d4 c5 2. d5 b5 3. e4 a6 4. a4 bxa4 5. Nc3 d6 6. Nf3 g6 7. Be2 Bg7 8. 0-0 Nf6 9. e5 Ng4 10. exd6 exd6 11. Bg5 Qb6 12. Nd2 Ne5 13. f4 Qxb2 14. Nde4 Ned7 15. Rb1 Qa3 16. Nxd6+ Kf8 17. Nce4 h6 18. Bh4 Kg8 19. Nxc8 Qe3+ 20. Nf2 Bd4 21. Kh1 Qxf4 22. Ng4 Qc7 23. Ne7+ Kg7 24. Bf3 g5 25. Bg3 Qd8 26. d6 Nf6 27. Nxf6 Bxf6 28. Bxa8 Nd7 29. Nf5+ Kg6 30. Be4 1-0

[Event "RUS-chT2"]
[Site "Sochi"]
[Date "2018.05.01"]
[Round "1.7"]
[White "Burtasova, Anna"]
[Black "Kuzub, Pavel"]
[Result "1-0"]
[WhiteElo "2276"]
[BlackElo "2033"]
[PlyCount "55"]
[EventDate "2018.05.01"]
[EventType "team-swiss"]
[EventRounds "9"]
[EventCountry "RUS"]
[SourceTitle "CBM 184 Extra"]
[Source "ChessBase"]
[SourceDate "2018.06.28"]
[SourceVersion "1"]
[SourceVersionDate "2018.06.28"]
[SourceQuality "1"]
[WhiteTeam "Moscow Gogol Mogol"]
[BlackTeam "Moscow Academy Kuzuba"]
[WhiteTeamCountry "RUS"]
[BlackTeamCountry "RUS"]

1. e4 c5 2. Nf3 d6 3. c3 Nf6 4. Be2 Nc6 5. d4 cxd4 6. cxd4 d5 7. e5 Ne4 8. 0-0 Qb6 9. Nc3 Nxc3 10. bxc3 Bg4 11. Be3 Qc7 12. c4 dxc4 13. e6 Bxe6 14. d5 0-0-0 15. Bxc4 Bxd5 16. Bxd5 e6 17. Bxe6+ fxe6 18. Qb3 Bd6 19. Rfc1 e5 20. Bxa7 Qd7 21. Bb6 Bc7 22. Bxc7 Qxc7 23. Rab1 Rd7 24. Qa4 Kd8 25. Ng5 Qa5 26. Ne6+ Ke7 27. Qg4 g6 28. Nc5 1-0

[Event "Moscow-ch (Women)"]
[Site "Moscow"]
[Date "2012.03.24"]
[Round "8"]
[White "Burtasova, Anna"]
[Black "Voit, Daria"]
[Result "0-1"]
[WhiteElo "2276"]
[BlackElo "2308"]
[PlyCount "108"]
[EventDate "2012.03.17"]
[EventType "swiss"]
[EventRounds "9"]
[EventCountry "RUS"]
[SourceTitle "CBM 147 Extra"]
[Source "ChessBase"]
[SourceDate "2012.04.24"]
[SourceVersion "1"]
[SourceVersionDate "2012.04.24"]
[SourceQuality "1"]

1. e4 c6 2. d4 d5 3. e5 Bf5 4. Nf3 e6 5. Be2 c5 6. Be3 Qb6 7. b3 Nc6 8. 0-0 cxd4 9. Nxd4 Nxd4 10. Bxd4 Bc5 11. Bb2 Rc8 12. Nc3 Ne7 13. Na4 Qc6 14. Nxc5 Qxc5 15. c4 dxc4 16. Rc1 Rd8 17. Rxc4 Rxd1 18. Rxc5 Rxf1+ 19. Kxf1 Be4 20. Ba3 Kd7 21. Rc4 Bd5 22. Rf4 Ke8 23. Bd6 a6 24. b4 Ng6 25. Rd4 f6 26. f4 Kd7 27. b5 Nh4 28. bxa6 bxa6 29. Bxa6 Bxg2+ 30. Kf2 Nf5 31. Rd3 Ra8 32. Bb5+ Bc6 33. Bb4+ Kc7 34. Bc4 Bd5 35. Bxd5 exd5 36. a3 d4 37. Kf3 Kd7 38. exf6 gxf6 39. Ke4 Ke6 40. Rh3 Rd8 41. a4 Ne3 42. Rxh7 f5+ 43. Kd3 Nd1 44. Re7+ Kf6 45. Re1 Nf2+ 46. Kc4 Ra8 47. a5 d3 48. Bc3+ Kg6 49. Re6+ Kh5 50. a6 Rc8+ 51. Kb3 Ne4 52. a7 Nc5+ 53. Kc4 Nxe6+ 54. Kd5 Rxc3 0-1

[Event "Kharkov Rector Cup (Women) 12th"]
[Site "Kharkov"]
[Date "2010.03.28"]
[Round "6"]
[White "Klinova, Masha"]
[Black "Burtasova, Anna"]
[Result "1/2-1/2"]
[WhiteElo "2303"]
[BlackElo "2301"]
[PlyCount "92"]
[EventDate "2010.03.26"]
[EventType "tourn"]
[EventRounds "7"]
[EventCountry "UKR"]
[EventCategory "5"]
[SourceTitle "CBM 135 Extra"]
[Source "ChessBase"]
[SourceDate "2010.05.04"]
[SourceVersion "1"]
[SourceVersionDate "2010.05.04"]
[SourceQuality "1"]

1. e4 c5 2. Nf3 e6 3. c4 Nc6 4. Nc3 e5 5. d3 g6 6. Nd5 Bg7 7. Be2 Nge7 8. h4 h6 9. h5 g5 10. Nh2 d6 11. Nxe7 Nxe7 12. g4 b5 13. Nf1 Nc6 14. Ng3 Nd4 15. Be3 0-0 16. Nf5 Bxf5 17. gxf5 Rb8 18. b3 Qa5+ 19. Kf1 bxc4 20. dxc4 Qa6 21. Bd3 Qc6 22. Qg4 Bf6 23. Bxd4 exd4 24. Kg2 Rfe8 25. Rab1 Qa6 26. Qe2 Re5 27. Qc2 Qc6 28. f3 Kh7 29. Kf2 Re7 30. Rhg1 Qc7 31. Qd2 Be5 32. Rg4 f6 33. Bc2 Bf4 34. Qd3 Be3+ 35. Kg2 Qd7 36. Rh1 Qe8 37. Kg3 Reb7 38. Kg2 Qe5 39. Rh3 a5 40. a4 Qe8 41. Rh1 Re7 42. Rh3 Qd8 43. Rh1 Qb6 44. Rd1 Rbe8 45. Kf1 Bf4 46. Kg2 Qb4 1/2-1/2